Plan de Auditoria de sistemas de información de la seguridad física en la división de tecnologías de la información y comunicación DTIC-UNI
El siguiente trabajo monográfico tiene por objetivo desarrollar el plan de auditoria, evaluando la situación actual de la DTIC en cuanto a seguridad física basado en la normativa COBIT 4. 1
| Main Author: | |
|---|---|
| Other Authors: | |
| Format: | Tesis Section = Libro |
| Language: | Undetermined Spanish |
| Published: |
Managua, Nicaragua
UNI
2018
|
| Subjects: |
| LEADER | 01064nam a2200265Ia 4500 | ||
|---|---|---|---|
| 008 | 240830s9999 xx 000 0 und d | ||
| 040 | |a BIBLIOTECA-RUSB/ Mon 004 V152 | ||
| 041 | |a spa | ||
| 082 | |a Mon 004 V152 | ||
| 100 | 1 | |a Valencia, Jean Francois | |
| 245 | 1 | 0 | |a Plan de Auditoria de sistemas de información de la seguridad física en la división de tecnologías de la información y comunicación DTIC-UNI |
| 260 | |a Managua, Nicaragua |b UNI |c 2018 | ||
| 300 | |a 99 p. :il. | ||
| 500 | |a Contiene: CD. | ||
| 502 | |a Tesis (Ingeniero en Computación) - UNI, 2018. | ||
| 520 | 3 | |a El siguiente trabajo monográfico tiene por objetivo desarrollar el plan de auditoria, evaluando la situación actual de la DTIC en cuanto a seguridad física basado en la normativa COBIT 4. 1 | |
| 650 | 7 | |a PLAN DE AUDITORIA | |
| 650 | 7 | |b SISTEMA DE INFORMACIÓN | |
| 650 | 7 | |c PROCESOS DE DATOS | |
| 650 | 7 | |d BASES DE DATOS | |
| 650 | 7 | |e SEGURIDAD FÍSICA | |
| 700 | 1 | |a Tutor: |b Prado Delgadillo, Jorge Jesús | |
| 942 | |c BK |2 ddc | ||
| 991 | |a TESIS | ||
| 999 | |c 19609 | ||